| 000 | 00824nam a2200205 a 4500 | ||
|---|---|---|---|
| 005 | 20210223122809.0 | ||
| 008 | 991125s1965 es 000 0 spa u | ||
| 035 | _aUPN01000041671 | ||
| 049 | _aCG | ||
| 050 | 4 |
_aK204 _bG5.6 |
|
| 100 | 1 |
_aGiner de los Ríos, Francisco, _d1839-1915 _928515 |
|
| 245 | 1 | 0 |
_aNotas a la enciclopedia jurídica de Enrique Ahrens / _cFrancisco Giner de los Rios y Gumersindo de Azcarate ; con una nota sobre arrendamientos rurales y pecuarios de Joaquín Costa ; pról. de Pablo de Azcarate. |
| 260 |
_aMadrid : _bTecnos, _c1965. |
||
| 300 | _av- | ||
| 440 | 0 |
_aObras completas de Francisco Giner de los Ríos ; _v21 |
|
| 500 | _a"Fondo histórico médico Doctor Germán Somolinos" | ||
| 650 | 4 |
_aDERECHO - _vDICCIONARIOS _916689 |
|
| 700 | 1 |
_aAzcarate, Gumersindo de, _ecoaut. |
|
| 905 | _aLibro | ||
| 999 |
_c41671 _d41671 |
||